Random Anime Characters - Statistics

General Stats
  • This quiz has been taken 87 times
  • The average score is 13 of 46
Answer Stats
Answer % Correct
9 L
93%
3 Naruto
89%
10 Light
70%
4 Sasuke
63%
5 Sakura
54%
2 Zorro
54%
18 Ichigo
51%
22 Eren
48%
16 Kakashi
48%
24 Sanji
41%
12 Gon
38%
23 Ken
37%
13 Killua
37%
6 Natsu
32%
38 Vegeta
32%
33 Hinata
31%
21 Levi
31%
32 Lelouch
30%
11 Ryuk
30%
14 Edward
28%
26 Lucy
27%
27 Saitama
24%
17 Itachi
23%
36 Izuku
23%
15 Alphonse
21%
19 Ash
21%
35 Son-Goku
21%
37 All Might
15%
39 Gaara
15%
30 Kurapika
15%
7 Gray
14%
34 Kageyama
14%
41 Nagisa
13%
25 Pikachu
13%
1 Ruffy
13%
31 Ace
10%
42 Karma
10%
29 Near
10%
28 Yato
10%
8 Happy
7%
40 Koro-Sensei
7%
45 Rock Lee
7%
32 Whitebeard
7%
20 Rokko
6%
44 Inu Yasha
3%
43 Roy Mustang
1%
No matching quizzes found
Score Distribution
Percent of People with Each Score
Percentile by Number Answered
Your Score History
You have not taken this quiz